My Gita / (Record no. 138799)

MARC details
000 -LEADER
fixed length control field 00705nam a22002057a 4500
005 - DATE AND TIME OF LATEST TRANSACTION
control field 20180228111740.0
010 ## - LCCN (DPL NO)
LC control number ENG-117749
020 ## - INTERNATIONAL STANDARD BOOK NUMBER
International Standard Book Number 9788129137708
Terms of availability 295.00
035 ## - SYSTEM CONTROL NUMBER
System control number EN-101281
035 ## - SYSTEM CONTROL NUMBER
System control number B-664917
037 ## - SOURCE OF ACQUISITION
Source of stock number/acquisition DBAD/PUB
Stock number dpl
082 ## - DEWEY DECIMAL CLASSIFICATION NUMBER
Classification number 230.1
100 ## - MAIN ENTRY--PERSONAL NAME
Personal name Pattanaik, Devdutt
245 ## - TITLE STATEMENT
Title My Gita /
Statement of responsibility, etc by Devdutt Pattnaik
260 ## - PUBLICATION, DISTRIBUTION, ETC. (IMPRINT)
Place of publication, distribution, etc New Delhi
Name of publisher, distributor, etc Rupa Publications
Date of publication, distribution, etc 2016
270 ## - ADDRESS
Address 7/16,Ansari Road,Daryaganj
City New Delhi
Postal code 110002
300 ## - PHYSICAL DESCRIPTION
Extent 248p. :
Dimensions 20cm(pbk)
Other physical details ill.
942 ## - ADDED ENTRY ELEMENTS (KOHA)
Source of classification or shelving scheme Dewey Decimal Classification
Item type English Books
Classification part 230.1
Call number suffix PAT
Holdings
Withdrawn status Lost status Not for loan Collection code Home library Current library Date acquired Source of acquisition Cost, normal purchase price Full call number Barcode Copy number Cost, replacement price Koha item type
      Non-fiction Ashok Vihar Ashok Vihar 28/02/2018 Uppal/14146/27.2.2017/EN/AV/473/15.2.2017/7.3.2017 295.00 230.1 PAT B-664917 1 295.00 English Books
    Not For Loan Non-fiction D.B.Act.Division Bawana 12/04/2017 DBAD/PUB 295.00 230.1 PAT EN-101281 1 295.00 English Books
      Non-fiction D.B.Act.Division Mobile Library 12/12/2022 DBAD/PUB 295.00 181.45 PAT EN-119355 1 295.00 English Books

© Delhi Public Library
Hit Counter
free hit counter